Kvalitní rosený stonek - jakostní vlákno lnu

Bibliographic Details
Main Authors: Binder, Miroslav (Author), Lahola, Josef (Author)
Format: Book
Language:Czech
PhysicalDescription:29 s. 8°
Published: Praha SZN 1986

MARC

LEADER 00000nam a2200000 a 4500
001 vtls001317804
003 SK-MaSNL
005 20260302070321.0
008 240315s1986 xr 0 cze
035 |a SNK000270331 
040 |a SNK  |b slo  |c SNK  |e AACR2 
044 |a xr  |c CZ 
100 1 |a Binder, Miroslav  |4 aut  |9 289474 
245 1 |a Kvalitní rosený stonek - jakostní vlákno lnu  |c Miroslav Binder, Josef Lahola 
260 |a Praha  |b SZN  |c 1986 
300 |a 29 s.  |c 8° 
700 1 |a Lahola, Josef  |4 aut  |9 280180 
958 |a OND 
999 |c 1146594  |d 1148524 
952 |t P60, <04>, [BOOK], {604}  |a SNK  |b SNK  |y VYP  |7 0  |o snkOIC 3704  |i snkKIP 11169/86  |0 0  |1 0  |4 0  |d 1998-01-26  |l 0  |r 2005-01-02 00:00:00  |w 2026-02-24 
952 |t P60, <04>, [BOOK], {604}  |a SNK  |b SNK  |y VYP  |7 0  |o snkOIC 3704 D1  |i snkKIP 11170/86  |0 0  |1 0  |4 0  |d 1998-01-26  |l 0  |r 2005-01-02 00:00:00  |w 2026-02-24